000
00382nam a22001577a 4500
003
MPLRDC
005
20220104123710.0
008
210129b ||||| |||| 00| 0 eng d
082
_a
544.5 LHQ
100
_a
林怀卿编著
245
_a
快乐的家庭主妇
_c
260
_a
_b
大方文化事业公司
_c
300
_b
平
650
_a
妇女; 女性
942
_c
BK
_o
544.5 LHQ
999
_c
13487
_d
13477